<?xml version="1.0" encoding="UTF-8"?>
<record
    xmlns:xsi="http://www.w3.org/2001/XMLSchema-instance"
    xsi:schemaLocation="http://www.loc.gov/MARC21/slim http://www.loc.gov/standards/marcxml/schema/MARC21slim.xsd"
    xmlns="http://www.loc.gov/MARC21/slim">

  <leader>01537nam a22002537a 4500</leader>
  <controlfield tag="001">6482</controlfield>
  <controlfield tag="003">FISKH</controlfield>
  <controlfield tag="005">20250512144719.0</controlfield>
  <controlfield tag="008">250506b        cb ||||| |||| 00| 0 eng d</controlfield>
  <datafield tag="040" ind1=" " ind2=" ">
    <subfield code="a">FISKH</subfield>
    <subfield code="b">khr</subfield>
    <subfield code="c">FISKH</subfield>
    <subfield code="d">FISKH</subfield>
  </datafield>
  <datafield tag="050" ind1=" " ind2=" ">
    <subfield code="a">PZ7</subfield>
  </datafield>
  <datafield tag="082" ind1=" " ind2=" ">
    <subfield code="a">200</subfield>
  </datafield>
  <datafield tag="100" ind1=" " ind2=" ">
    <subfield code="a">Sovi, Ly</subfield>
  </datafield>
  <datafield tag="245" ind1=" " ind2=" ">
    <subfield code="a">&#x1794;&#x17D2;&#x179A;&#x1796;&#x17C3;&#x178E;&#x17B8;&#x17A2;&#x17B6;&#x1796;&#x17B6;&#x17A0;&#x17CF;&#x1796;&#x17B7;&#x1796;&#x17B6;&#x17A0;&#x17CF;&#x1781;&#x17D2;&#x1798;&#x17C2;&#x179A;&#x1780;&#x17C6;&#x1796;&#x17BB;&#x1784;&#x1798;&#x17B6;&#x1793;&#x179C;&#x17B7;&#x1794;&#x179B;&#x17D2;&#x179B;&#x17B6;&#x179F;&#x200B; /</subfield>
    <subfield code="c">&#x179B;&#x17B8; &#x179F;&#x17BB;&#x179C;&#x17B8;&#x179A;</subfield>
  </datafield>
  <datafield tag="250" ind1=" " ind2=" ">
    <subfield code="a">&#x1794;&#x17C4;&#x17C7;&#x1796;&#x17BB;&#x1798;&#x17D2;&#x1796;&#x179B;&#x17BE;&#x1780;&#x1791;&#x17B8;&#x17E2;</subfield>
  </datafield>
  <datafield tag="260" ind1=" " ind2=" ">
    <subfield code="a">&#x1797;&#x17D2;&#x1793;&#x17C6;&#x1796;&#x17C1;&#x1789;&#x200B; :</subfield>
    <subfield code="c">2007 .</subfield>
  </datafield>
  <datafield tag="300" ind1=" " ind2=" ">
    <subfield code="a">76 pages : </subfield>
    <subfield code="b">illustrations ; </subfield>
    <subfield code="c">21 cm .</subfield>
  </datafield>
  <datafield tag="520" ind1=" " ind2=" ">
    <subfield code="a">&#x179F;&#x17C0;&#x179C;&#x1797;&#x17C5;&#x1793;&#x17C1;&#x17C7;&#x1794;&#x17B6;&#x1793;&#x1795;&#x17D2;&#x178F;&#x179B;&#x17CB;&#x17B1;&#x17D2;&#x1799;&#x17A2;&#x17D2;&#x1793;&#x1780;&#x17A2;&#x17B6;&#x1793;&#x1793;&#x17BC;&#x179C;&#x1791;&#x17B7;&#x178A;&#x17D2;&#x178B;&#x1797;&#x17B6;&#x1796;&#x1785;&#x17D2;&#x1794;&#x17B6;&#x179F;&#x17CB;&#x179B;&#x17B6;&#x179F;&#x17CB;&#x17A2;&#x17C6;&#x1796;&#x17B8;&#x1780;&#x17B6;&#x179A;&#x1794;&#x17D2;&#x179A;&#x17C2;&#x1794;&#x17D2;&#x179A;&#x17BD;&#x179B;&#x1793;&#x17C3;&#x1796;&#x17B7;&#x1792;&#x17B8;&#x17A2;&#x17B6;&#x1796;&#x17B6;&#x17A0;&#x17CD;&#x1796;&#x17B7;&#x1796;&#x17B6;&#x17A0;&#x17CD;&#x1781;&#x17D2;&#x1798;&#x17C2;&#x179A; &#x1793;&#x17B7;&#x1784;&#x1794;&#x1789;&#x17D2;&#x17A0;&#x17B6;&#x1795;&#x17D2;&#x179F;&#x17C1;&#x1784;&#x17D7;&#x178A;&#x17C2;&#x179B;&#x1791;&#x17B6;&#x1780;&#x17CB;&#x1791;&#x1784; &#x178A;&#x17BE;&#x1798;&#x17D2;&#x1794;&#x17B8;&#x1787;&#x17BD;&#x1799;&#x179A;&#x1780;&#x17D2;&#x179F;&#x17B6;&#x1791;&#x17BB;&#x1780; &#x1793;&#x17B7;&#x1784;&#x17A2;&#x1797;&#x17B7;&#x179C;&#x178C;&#x17D2;&#x178D;&#x1794;&#x17D2;&#x179A;&#x1796;&#x17C3;&#x178E;&#x17B8;&#x179C;&#x1794;&#x17D2;&#x1794;&#x1792;&#x1798;&#x17CC;&#x1781;&#x17D2;&#x1798;&#x17C2;&#x179A;&#x1793;&#x17C5;&#x1780;&#x17D2;&#x1793;&#x17BB;&#x1784;&#x179F;&#x1784;&#x17D2;&#x1782;&#x1798;&#x179F;&#x1798;&#x17D0;&#x1799;&#x1794;&#x1785;&#x17D2;&#x1785;&#x17BB;&#x1794;&#x17D2;&#x1794;&#x1793;&#x17D2;&#x1793;&#x17D4;</subfield>
  </datafield>
  <datafield tag="520" ind1=" " ind2=" ">
    <subfield code="a">This book offers readers a clear perspective on the evolving nature of Khmer wedding traditions and the associated challenges, encouraging efforts to preserve and adapt cultural practices within contemporary society.</subfield>
  </datafield>
  <datafield tag="650" ind1=" " ind2=" ">
    <subfield code="a">&#x17A2;&#x17B6;&#x1796;&#x17B6;&#x17A0;&#x17CF;&#x1796;&#x17B7;&#x1796;&#x17B6;&#x17A0;&#x17CF;</subfield>
  </datafield>
  <datafield tag="650" ind1=" " ind2=" ">
    <subfield code="a">Wedding</subfield>
  </datafield>
  <datafield tag="942" ind1=" " ind2=" ">
    <subfield code="2">ddc</subfield>
    <subfield code="c">KHB</subfield>
    <subfield code="n">0</subfield>
  </datafield>
  <datafield tag="999" ind1=" " ind2=" ">
    <subfield code="c">6482</subfield>
    <subfield code="d">6482</subfield>
  </datafield>
  <datafield tag="952" ind1=" " ind2=" ">
    <subfield code="0">0</subfield>
    <subfield code="1">0</subfield>
    <subfield code="2">ddc</subfield>
    <subfield code="4">0</subfield>
    <subfield code="7">0</subfield>
    <subfield code="8">KH</subfield>
    <subfield code="a">002</subfield>
    <subfield code="b">002</subfield>
    <subfield code="c">SKB</subfield>
    <subfield code="d">2025-05-06</subfield>
    <subfield code="l">1</subfield>
    <subfield code="o">SOV PZ7 200</subfield>
    <subfield code="p">FIS03879</subfield>
    <subfield code="r">2026-02-02 10:10:18</subfield>
    <subfield code="s">2026-01-05</subfield>
    <subfield code="w">2025-05-06</subfield>
    <subfield code="y">KHB</subfield>
  </datafield>
</record>
